000 00428cam a2200145 4500500
005 20250928003343.0
041 _afre
042 _adc
100 1 0 _aAlessandri-Miliani, Vannina
_eauthor
245 0 0 _aAtelier 2.0
260 _c2024.
500 _a98
786 0 _nLigeia | 205-208 | 2 | 2024-03-05 | p. 111-119 | 0989-6023
856 4 1 _uhttps://shs.cairn.info/revue-ligeia-2023-2-page-111?lang=fr&redirect-ssocas=7080
999 _c1511184
_d1511184